000 00716nam a22002297a 4500
005 20170124110203.0
010 _aA-940043
020 _c175.00
_a8120313399
035 _aA-940043
037 _bCen Lib/Ret
040 _aDPL
_bEN
082 _a004.16
_bUSI
100 _aO'Hara, Shelley
_936703
245 _aUsing PCs /
_cby Shelley O'Hara...[et al.]
260 _aNew Delhi
_bPrintice-Hall of India
_c1997
270 _aM-97, Cannaught Circus
_bNew Delhi
_e110001
300 _axxi,386p. :
_c24cm (Hb)
_b1ll.
500 _aIncludes index
650 _aMicrocomputers
_998889
650 _aMicrocomputers -- Study and teaching
_998890
942 _2ddc
_cEN
_h004.16
_mUSI
999 _c133065
_d133065